| 000 | 00877nam a2200265 a 4500 | ||
|---|---|---|---|
| 001 | 35722 | ||
| 003 | BD-RjUL | ||
| 005 | 20211209052352.0 | ||
| 008 | 140529s1951 e b 001 0 eng d | ||
| 035 |
_aOCLC ocm01557266 from D951005M _a(BD-RjUL)35817 |
||
| 040 |
_aDLC _cTOL _dSER _dUKM _dBD-RjUL _beng |
||
| 041 | _aeng | ||
| 082 |
_a320.937 _bHAC 1951 |
||
| 100 | 1 |
_aHammond, Mason _d1903-2002 _9108781 |
|
| 245 | 1 | 0 |
_aCity-state and world state : in Greek and Roman political theory until Augustus / _cHammond, Mason |
| 260 |
_aCambridge, Mass : _bHarvard University Press, _c1951. |
||
| 300 |
_ax, 217 p. ; _c22 cm |
||
| 504 | _aIncludes index and Bibliography: p. [205]-211 | ||
| 650 | 0 |
_aState, The _9108782 |
|
| 650 | 0 |
_aPolitical science _xHistory _9108783 |
|
| 650 | 0 |
_aInternationalism _9108784 |
|
| 942 |
_2ddc _cBK |
||
| 999 |
_c35722 _d35722 |
||